[Event "Florianopolis op 4th"]
[Site "Florianopolis"]
[Date "2018.01.24"]
[Round "8"]
[White "Durante, Taina Seidel"]
[Black "Tramontini, Renan Cesar"]
[Result "1/2-1/2"]
[WhiteElo "1698"]
[BlackElo "2028"]
[PlyCount "93"]
[EventDate "2018.01.19"]
[EventType "swiss"]
[EventRounds "10"]
[EventCountry "BRA"]
[SourceTitle "EXT 2019"]
[Source "ChessBase"]
[SourceDate "2018.10.10"]
[SourceVersion "1"]
[SourceVersionDate "2018.10.10"]
[SourceQuality "1"]

1. e4 c5 2. Nc3 Nc6 3. g3 g6 4. Bg2 Bg7 5. d3 e6 6. Be3 Qa5 7. Qd2 Nge7 8. Bh6 Bxh6 9. Qxh6 d5 10. Qd2 d4 11. Nce2 Qxd2+ 12. Kxd2 e5 13. f4 f6 14. Bh3 0-0 15. Bxc8 Raxc8 16. Nf3 h6 17. Raf1 Rf7 18. g4 exf4 19. Nxf4 Ne5 20. Rhg1 N7c6 21. Nd5 Rcf8 22. Rf2 Nxf3+ 23. Rxf3 Ne5 24. Rf2 Kg7 25. h3 Nd7 26. Rgf1 Nb6 27. Nf4 Re8 28. Ne2 Re6 29. h4 Nc8 30. Nf4 Rd6 31. e5 Ra6 32. a3 Ne7 33. Ne2 f5 34. Ng3 Re6 35. gxf5 Nxf5 36. Nxf5+ Rxf5 37. Rxf5 gxf5 38. Rxf5 Kg6 39. Rf6+ Rxf6 40. exf6 Kxf6 41. Ke2 h5 42. Kf3 Kf5 43. Kg3 b5 44. Kf3 a5 45. b3 Ke5 46. a4 bxa4 47. bxa4 1/2-1/2

[Event "Florianopolis op 4th"]
[Site "Florianopolis"]
[Date "2018.01.22"]
[Round "6"]
[White "Durante, Taina Seidel"]
[Black "Butzke, Lucas de Castro"]
[Result "1-0"]
[WhiteElo "1698"]
[BlackElo "1800"]
[PlyCount "63"]
[EventDate "2018.01.19"]
[EventType "swiss"]
[EventRounds "10"]
[EventCountry "BRA"]
[SourceTitle "EXT 2019"]
[Source "ChessBase"]
[SourceDate "2018.10.10"]
[SourceVersion "1"]
[SourceVersionDate "2018.10.10"]
[SourceQuality "1"]

1. e4 e5 2. Nf3 Nc6 3. Bc4 Bc5 4. d3 h6 5. 0-0 Nf6 6. c3 d6 7. b4 Bb6 8. a4 a5 9. b5 Ne7 10. Nbd2 d5 11. exd5 Nexd5 12. Qb3 Qe7 13. Bxd5 Nxd5 14. Qxd5 f6 15. Re1 Qd6 16. Qe4 0-0 17. Ba3 Qd8 18. Bxf8 Qxf8 19. d4 exd4 20. Nxd4 f5 21. Qd5+ Kh7 22. N2f3 g5 23. Re5 g4 24. Nh4 f4 25. Qe4+ Kg7 26. Qg6+ Kh8 27. Re8 Bd7 28. Rxf8+ Rxf8 29. Qxh6+ Kg8 30. Ng6 Rf6 31. Qh8+ Kf7 32. Qh7+ 1-0

[Event "Florianopolis Winter Amateur op"]
[Site "Florianopolis"]
[Date "2017.08.11"]
[Round "1"]
[White "Durante, Taina Seidel"]
[Black "Starke, Bruno Orlando"]
[Result "0-1"]
[WhiteElo "1722"]
[BlackElo "2180"]
[PlyCount "102"]
[EventDate "2017.08.11"]
[EventType "swiss"]
[EventRounds "7"]
[EventCountry "BRA"]
[SourceTitle "CBM 180 Extra"]
[Source "ChessBase"]
[SourceDate "2017.10.06"]
[SourceVersion "1"]
[SourceVersionDate "2017.10.06"]
[SourceQuality "1"]

1. e4 c5 2. Nc3 a6 3. g3 b5 4. d3 Bb7 5. Bg2 e6 6. f4 Nf6 7. Nf3 d5 8. e5 d4 9. exf6 dxc3 10. bxc3 Qxf6 11. Bb2 Bd6 12. 0-0 0-0 13. Re1 Qd8 14. Ng5 Bxg2 15. Kxg2 Nd7 16. Qe2 Be7 17. Ne4 Nb6 18. Rad1 Qd5 19. c4 bxc4 20. dxc4 Qxc4 21. Qxc4 Nxc4 22. Bc3 Rfd8 23. Rb1 Rab8 24. Rbc1 h6 25. Nf2 Rd5 26. Nd3 Na3 27. Ne5 Nb5 28. Ba5 Nd6 29. c4 Rb2+ 30. Kf1 Rd4 31. Bc3 Rxh2 32. Bxd4 cxd4 33. Nf3 Rxa2 34. Nxd4 Bf6 35. Ne2 Ne4 36. Red1 Be7 37. Rd7 Bc5 38. Rd8+ Kh7 39. Rcd1 Rc2 40. R8d7 Kg6 41. g4 Rxc4 42. f5+ Kf6 43. Rc7 Rc2 44. Rc6 Ke5 45. fxe6 fxe6 46. Rxa6 Nd2+ 47. Ke1 Nf3+ 48. Kf1 Nh2+ 49. Ke1 Nxg4 50. Ra5 Kf6 51. Rc1 Bb4+ 0-1

[Event "Curitiba IEP&Copel op"]
[Site "Curitiba"]
[Date "2017.05.14"]
[Round "6"]
[White "Cravo Broca, Carla Leticia"]
[Black "Durante, Taina Seidel"]
[Result "0-1"]
[WhiteElo "1757"]
[BlackElo "1728"]
[PlyCount "86"]
[EventDate "2017.05.12"]
[EventType "swiss"]
[EventRounds "6"]
[EventCountry "BRA"]
[SourceTitle "CBM 178 Extra"]
[Source "ChessBase"]
[SourceDate "2017.06.22"]
[SourceVersion "1"]
[SourceVersionDate "2017.06.22"]
[SourceQuality "1"]

1. e4 c5 2. Nc3 e6 3. g3 Nc6 4. Bg2 Nf6 5. d3 Be7 6. Nge2 0-0 7. 0-0 a6 8. a4 Qc7 9. h3 d6 10. Be3 Rd8 11. Qd2 Bd7 12. Rae1 Nb4 13. f4 d5 14. exd5 exd5 15. Bf2 d4 16. Ne4 Bxa4 17. Nxf6+ Bxf6 18. Nxd4 Bxd4 19. Bxd4 Rxd4 20. c3 Rxd3 21. Qe2 Rdd8 22. cxb4 Bb5 23. Qc2 Bxf1 24. Kxf1 c4 25. Qc3 Rd3 26. Qe5 Qxe5 27. Rxe5 Rb8 28. Kf2 Rd2+ 29. Re2 Rxe2+ 30. Kxe2 b5 31. Ke3 Rd8 32. Be4 g6 33. g4 Kf8 34. Bc2 Ke7 35. Be4 Rd6 36. Bc2 Kd7 37. Be4 Kc7 38. Bc2 Re6+ 39. Kf3 Kb6 40. Kf2 a5 41. bxa5+ Kxa5 42. Bd1 Kb4 43. Bf3 Kb3 0-1